[Event "Open Praha 2018 - B"]
[Site "Praha (CZE)"]
[Date "2018.01.17"]
[Round "7"]
[White "Krajinski, Lutz"]
[Black "Kolmas, Oldrich"]
[Result "1/2-1/2"]
[WhiteElo "1684"]
[BlackElo "1795"]
[PlyCount "107"]
[EventDate "2018.01.12"]

1. Nf3 Nf6 2. d4 d5 3. Nbd2 g6 4. c3 Bg7 5. e3 O-O 6. Bd3 Nbd7 7. e4 dxe4 8.
Nxe4 Nxe4 9. Bxe4 Nf6 10. Bc2 Bg4 11. h3 Bd7 12. Ne5 Re8 13. Bg5 Qc8 14. g4 Nd5
15. Qd2 a5 16. Bh6 f6 17. Bxg7 Kxg7 18. Nxd7 Qxd7 19. O-O-O b5 20. f4 b4 21. c4
Nb6 22. Qd3 a4 23. f5 g5 24. h4 h6 25. Rd2 Qc6 26. Rdh2 Rh8 27. hxg5 hxg5 28.
Rxh8 Rxh8 29. Rxh8 Kxh8 30. d5 Qxc4 31. Qxc4 Nxc4 32. Bxa4 Ne3 33. Bd1 Nxd5 34.
Kd2 Kg7 35. Kd3 c5 36. Bf3 Nb6 37. Bd1 Kf8 38. a4 bxa3 39. bxa3 Ke8 40. a4 Kd8
41. a5 Nd7 42. Kc4 Kc7 43. Ba4 Ne5+ 44. Kxc5 Kb7 45. Bd1 Nd3+ 46. Kd5 Nf4+ 47.
Kc5 Nd3+ 48. Kb5 Nf4 49. Bf3+ Ka7 50. a6 e6 51. Kc6 exf5 52. Kd6 fxg4 53. Bxg4
Kxa6 54. Ke7 1/2-1/2

[Event "Open Praha 2018 - B"]
[Site "Praha (CZE)"]
[Date "2018.01.17"]
[Round "7"]
[White "Chudacek, Vladimir"]
[Black "Lotz, Kolja Alecsander"]
[Result "1/2-1/2"]
[WhiteElo "1736"]
[BlackElo "1602"]
[PlyCount "37"]
[EventDate "2018.01.12"]

1. e4 c5 2. Nf3 Nc6 3. c3 d6 4. d4 cxd4 5. cxd4 Nf6 6. Nc3 e6 7. Bb5 Bd7 8. O-O
Be7 9. e5 Nd5 10. exd6 Bxd6 11. Ne4 Be7 12. Nc5 Bxc5 13. dxc5 O-O 14. a3 a5 15.
Bd3 Qe7 16. Qc2 h6 17. Bd2 Rfe8 18. Rab1 a4 19. Rfe1 1/2-1/2

[Event "Open Praha 2018 - A"]
[Site "Praha (CZE)"]
[Date "2018.01.18"]
[Round "8"]
[White "Haug, Johannes"]
[Black "Solozhenkina, Elizaveta"]
[Result "0-1"]
[WhiteElo "2357"]
[BlackElo "2190"]
[PlyCount "52"]
[EventDate "2018.01.12"]

1. e4 c6 2. d4 d5 3. e5 Bf5 4. h4 h5 5. Bd3 Bxd3 6. Qxd3 e6 7. Bg5 Qb6 8. Nd2
c5 9. c4 Qxb2 10. Rd1 Qxd4 11. Qb3 Qxe5+ 12. Ne2 Qc7 13. cxd5 exd5 14. O-O Nc6
15. Qxd5 Be7 16. Ne4 Rd8 17. Qf5 Nh6 18. Bxh6 Rxh6 19. Nxc5 Rf6 20. Qxh5 Rh6
21. Qf5 g6 22. Qc2 Rxh4 23. g3 Nd4 24. Qb2 Qc6 25. gxh4 Nf3+ 26. Kh1 Rxd1 0-1

[Event "Open Praha 2018 - A"]
[Site "Praha (CZE)"]
[Date "2018.01.18"]
[Round "8"]
[White "Kaasen, Tor Fredrik"]
[Black "Taranenko, Evgueniy"]
[Result "1-0"]
[WhiteElo "2340"]
[BlackElo "2154"]
[PlyCount "159"]
[EventDate "2018.01.12"]

1. d4 Nc6 2. Nf3 d6 3. e4 Nf6 4. Nc3 g6 5. Be2 Bg7 6. O-O O-O 7. d5 Ne5 8. Nxe5
dxe5 9. Be3 Ne8 10. Qd2 f5 11. exf5 gxf5 12. f4 exf4 13. Bxf4 e5 14. Bg5 Qd6
15. Nb5 Qg6 16. c4 f4 17. Bh4 Bh6 18. Qd1 Bh3 19. Rf2 e4 20. Bh5 Qg7 21. Qd4
Bf5 22. Re1 a6 23. Bxe8 axb5 24. Qxg7+ Bxg7 25. Bxb5 Bd4 26. a4 Bxf2+ 27. Kxf2
e3+ 28. Kf3 Bd3 29. Bg5 Kg7 30. Bxf4 c6 31. dxc6 bxc6 32. Bxc6 Rac8 33. Bd5
Bxc4 34. Be4 e2 35. Kg3 Rcd8 36. Be5+ Kh6 37. Bf3 Rd1 38. Bc3 Rd3 39. Kf2 Rd1
40. Rxe2 Bxe2 41. Kxe2 Ra1 42. a5 Rb8 43. Kd3 Kg5 44. Kc4 Rxb2 45. Bxb2 Rxa5
46. Kd3 h5 47. Bc1+ Kh4 48. Ke3 Re5+ 49. Kd4 Re8 50. Ba3 Kg5 51. g3 Re1 52. Bb4
Ra1 53. h4+ Kg6 54. Ke5 Ra4 55. Bd2 Ra2 56. Be4+ Kg7 57. Bf4 Ra5+ 58. Ke6 Rb5
59. Be5+ Kh6 60. Kf5 Ra5 61. Kf4 Ra6 62. Bc7 Ra4 63. Kf5 Rb4 64. Bf4+ Kg7 65.
Bf3 Rb5+ 66. Be5+ Kh6 67. Ke6 Rb6+ 68. Kf7 Rb4 69. Bf4+ Kh7 70. Bxh5 Rb5 71.
Bf3 Kh8 72. Ke6 Kh7 73. Be4+ Kg8 74. g4 Rc5 75. Be5 Rc4 76. Kf5 Kh7 77. g5 Rc5
78. Kf6+ Kg8 79. h5 Kh8 80. Bd3 1-0

[Event "Open Praha 2018 - A"]
[Site "Praha (CZE)"]
[Date "2018.01.18"]
[Round "8"]
[White "Harshini, A."]
[Black "Luukkonen, Tommi"]
[Result "1-0"]
[WhiteElo "2185"]
[BlackElo "2331"]
[PlyCount "139"]
[EventDate "2018.01.12"]

1. e4 c5 2. Nf3 d6 3. d4 cxd4 4. Nxd4 Nf6 5. Nc3 Nc6 6. Be3 Ng4 7. Nxc6 bxc6 8.
Qd2 Nxe3 9. Qxe3 Qb6 10. Qxb6 axb6 11. a4 g6 12. Bd3 Bg7 13. Kd2 O-O 14. f3 f5
15. Rhf1 fxe4 16. fxe4 Rxf1 17. Bxf1 b5 18. a5 Be5 19. h3 Ba6 20. Bd3 Rb8 21.
b4 c5 22. Rb1 c4 23. Be2 Bf4+ 24. Kd1 e6 25. Bf3 Be5 26. Kd2 Rc8 27. Rf1 Kf7
28. Bg4+ Ke7 29. Bf3 Rd8 30. Ne2 Rf8 31. c3 Bb7 32. Ra1 Ba6 33. Rd1 g5 34. Kc2
Rf6 35. Nd4 Kd7 36. Bg4 Bb7 37. Bf3 h5 38. Re1 Rf4 39. g3 Rf6 40. Bxh5 Bxg3 41.
Re2 Rf4 42. Bg6 Ba6 43. Bh5 Rf6 44. Bg4 Bf4 45. Kb2 Be5 46. Nf3 Rg6 47. Nd4 Ke7
48. Nc6+ Kf6 49. Nd4 Ke7 50. Nc6+ Kf6 51. Nd4 Bxd4 52. cxd4 Bb7 53. Kc3 Ke7 54.
d5 Rf6 55. Bxe6 Rf3+ 56. Kc2 Kf6 57. Bg4 Rf4 58. e5+ dxe5 59. d6 Rd4 60. d7 Rd3
61. Rd2 Rxd2+ 62. Kxd2 Ke7 63. Ke3 Kd8 64. Bf5 Ke7 65. Kf2 e4 66. Ke3 c3 67.
Bg4 Kd8 68. Ke2 Bd5 69. a6 Kc7 70. a7 1-0

[Event "Open Praha 2018 - A"]
[Site "Praha (CZE)"]
[Date "2018.01.18"]
[Round "8"]
[White "Jablonicky, Martin"]
[Black "Tatarintsev, Egor"]
[Result "1-0"]
[WhiteElo "2330"]
[BlackElo "2100"]
[PlyCount "181"]
[EventDate "2018.01.12"]

1. Nf3 Nf6 2. d4 e6 3. c4 b6 4. g3 Bb7 5. Bg2 Be7 6. O-O O-O 7. Nc3 Na6 8. Re1
Ne4 9. Bd2 f5 10. a3 Nxc3 11. Bxc3 Be4 12. b4 c6 13. Ne5 Bxg2 14. Kxg2 Nc7 15.
Qd3 b5 16. c5 Nd5 17. e3 Bf6 18. Bd2 Bxe5 19. dxe5 Qe7 20. f3 Qf7 21. e4 fxe4
22. fxe4 Qf2+ 23. Kh1 Rf3 24. Qe2 Qxe2 25. Rxe2 Ne7 26. Be3 a5 27. Kg2 Rff8 28.
Rd1 axb4 29. axb4 Ra7 30. Red2 Ng6 31. Rxd7 Ra2+ 32. R1d2 Ra4 33. Rc7 Nxe5 34.
Bd4 Nf7 35. Rxc6 Rxb4 36. Rxe6 Ng5 37. Re7 Rf7 38. Re8+ Rf8 39. Rxf8+ Kxf8 40.
Be5 Ke8 41. Ra2 Ra4 42. Rb2 Rxe4 43. Bf4 Ne6 44. Rxb5 Nxf4+ 45. Kf3 Rc4 46.
gxf4 Kf7 47. Kg4 Ke6 48. Rb6+ Kd5 49. Rb7 Rc2 50. h4 Kc6 51. Ra7 Rg2+ 52. Kf5
Kxc5 53. h5 Kd6 54. h6 gxh6 55. Kf6 Rg6+ 56. Kf7 h5 57. f5 Rg3 58. Ra6+ Ke5 59.
f6 Kf5 60. Ra8 Kg4 61. Kg7 Rf3 62. f7 h4 63. Ra4+ Kg3 64. Ra3 Rxa3 65. f8=Q Rf3
66. Qd6+ Kg2 67. Qd2+ Kg1 68. Qe1+ Kg2 69. Qxh4 Rg3+ 70. Kf6 Rh3 71. Qe4+ Kg3
72. Qd3+ Kg2 73. Qd2+ Kg3 74. Qe1+ Kg2 75. Kg5 h5 76. Qe4+ Kg3 77. Qe3+ Kg2 78.
Qe2+ Kg3 79. Qf1 Kh2 80. Kf4 h4 81. Kg4 Rg3+ 82. Kxh4 Rg4+ 83. Kh5 Rg2 84. Qf4+
Kg1 85. Kh4 Rh2+ 86. Kg3 Rg2+ 87. Kh3 Rf2 88. Qc1+ Rf1 89. Qe3+ Rf2 90. Kg3 Kh1
91. Qe1+ 1-0

[Event "Open Praha 2018 - A"]
[Site "Praha (CZE)"]
[Date "2018.01.18"]
[Round "8"]
[White "Nie, Xin"]
[Black "Kulkarni, Bhakti"]
[Result "1-0"]
[WhiteElo "2154"]
[BlackElo "2306"]
[PlyCount "65"]
[EventDate "2018.01.12"]

1. d4 Nf6 2. c4 g6 3. Nc3 Bg7 4. e4 d6 5. f3 e5 6. Nge2 c6 7. d5 cxd5 8. cxd5
O-O 9. Be3 Ne8 10. g4 Bh6 11. Qd2 Qh4+ 12. Ng3 Bxe3 13. Qxe3 f5 14. gxf5 gxf5
15. exf5 Bxf5 16. O-O-O Bg6 17. Bd3 Bxd3 18. Qxd3 Nd7 19. Nge4 Qf4+ 20. Kb1
Qxf3 21. Rhg1+ Kh8 22. Qb5 Nef6 23. Nxd6 b6 24. Rg3 Qf4 25. Rf1 Qd4 26. Rfg1 e4
27. Ncxe4 Ne5 28. Ng5 Qxd5 29. Qxd5 Nxd5 30. Nxh7 Rf3 31. Rg5 Re3 32. Nf8 Nf6
33. Rxe5 1-0

[Event "Open Praha 2018 - A"]
[Site "Praha (CZE)"]
[Date "2018.01.18"]
[Round "8"]
[White "Claridge-Hansen, William"]
[Black "Laverton, Christian"]
[Result "1-0"]
[WhiteElo "2304"]
[BlackElo "2088"]
[PlyCount "87"]
[EventDate "2018.01.12"]

1. c4 e5 2. g3 Nc6 3. Bg2 g6 4. Nc3 Bg7 5. e4 d6 6. Nge2 Be6 7. d3 Nge7 8. O-O
Qd7 9. Nd5 O-O 10. Be3 f5 11. Qd2 Rf7 12. f3 Raf8 13. Rac1 Nc8 14. b3 Nd8 15.
exf5 Bxf5 16. d4 c6 17. Ndc3 a6 18. d5 Bh3 19. b4 Bxg2 20. Kxg2 Ne7 21. Ne4
cxd5 22. cxd5 Nf5 23. Rc3 Qb5 24. Bf2 Qxb4 25. g4 Nd4 26. Bxd4 exd4 27. Rd3
Qxd2 28. Rxd2 Rc7 29. Nxd4 Bxd4 30. Rxd4 Nf7 31. f4 Rc2+ 32. Rf2 Rfc8 33. Rxc2
Rxc2+ 34. Rd2 Rc4 35. Kf3 Kf8 36. g5 Kg7 37. h4 b5 38. Re2 h6 39. Nf6 hxg5 40.
hxg5 Rc8 41. Re8 Nd8 42. Rg8+ Kf7 43. f5 gxf5 44. Kf4 1-0

[Event "Open Praha 2018 - A"]
[Site "Praha (CZE)"]
[Date "2018.01.18"]
[Round "8"]
[White "Prudnykova, Olga"]
[Black "Lee, Jun Wei"]
[Result "1-0"]
[WhiteElo "2280"]
[BlackElo "2064"]
[PlyCount "119"]
[EventDate "2018.01.12"]

1. b3 d5 2. Bb2 Bg4 3. f3 Bh5 4. e3 f6 5. d4 e6 6. Nc3 c5 7. Nge2 Nc6 8. Qd2
Bd6 9. O-O-O Nge7 10. e4 cxd4 11. Nxd4 Bf7 12. Nxe6 Bxe6 13. exd5 Qb8 14. g3
Nxd5 15. Nxd5 Be5 16. Bb5 a6 17. Bxc6+ bxc6 18. Nb4 O-O 19. Nxc6 Qb7 20. Nxe5
fxe5 21. Qd6 Rae8 22. Rhe1 Qxf3 23. Qxe5 Qg4 24. Re4 Qg6 25. Rde1 Bf7 26. Qd4
Rc8 27. R1e2 h5 28. Re7 Rfd8 29. Rd7 Re8 30. Rxe8+ Rxe8 31. Qc3 h4 32. gxh4 Qg4
33. Rd1 Bh5 34. Re1 Rd8 35. Qc4+ Qxc4 36. bxc4 Rc8 37. Re4 Bf3 38. Re7 Rxc4 39.
Rxg7+ Kf8 40. Rg3 Bh5 41. Bf6 Rf4 42. Bg5 Rf2 43. h3 Kf7 44. Re3 Bg6 45. Re7+
Kf8 46. Rc7 Rh2 47. Kb2 Rxh3 48. Rc6 Be4 49. Rf6+ Kg8 50. Re6 Bd5 51. Rxa6 Kf7
52. Rd6 Be4 53. Rf6+ Kg7 54. Re6 Bf5 55. Re7+ Kg6 56. a4 Rg3 57. a5 Rg4 58. Kb3
Rg1 59. a6 Rb1+ 60. Ka2 1-0

[Event "Open Praha 2018 - A"]
[Site "Praha (CZE)"]
[Date "2018.01.18"]
[Round "8"]
[White "Wiley, Thomas"]
[Black "Nitish, Belurkar"]
[Result "0-1"]
[WhiteElo "2118"]
[BlackElo "2270"]
[PlyCount "62"]
[EventDate "2018.01.12"]

1. d4 Nf6 2. c4 g6 3. Nc3 Bg7 4. e4 d6 5. Nf3 O-O 6. Be2 e5 7. d5 Nbd7 8. Be3
a5 9. Nd2 b6 10. g4 Ne8 11. h4 f5 12. gxf5 gxf5 13. exf5 Nc5 14. Bxc5 dxc5 15.
Nde4 Bxf5 16. Bg4 Nd6 17. Nxd6 Qxd6 18. Bxf5 Rxf5 19. Rg1 Raf8 20. Rg2 Qh6 21.
Qe2 Qxh4 22. O-O-O Rxf2 23. Rxg7+ Kxg7 24. Qxe5+ Kh6 25. Qxc7 Qg5+ 26. Kb1 Qg6+
27. Ka1 Rf1 28. Qh2+ Qh5 29. Qxh5+ Kxh5 30. Kb1 Rxd1+ 31. Nxd1 Kg5 0-1

[Event "Open Praha 2018 - A"]
[Site "Praha (CZE)"]
[Date "2018.01.18"]
[Round "8"]
[White "Tarun, V Kanth"]
[Black "Zwahr, Paul"]
[Result "1/2-1/2"]
[WhiteElo "2077"]
[BlackElo "2269"]
[PlyCount "22"]
[EventDate "2018.01.12"]

1. d4 d5 2. c4 dxc4 3. Nf3 a6 4. e3 b5 5. a4 Bb7 6. b3 c6 7. axb5 axb5 8. Rxa8
Bxa8 9. bxc4 bxc4 10. Bxc4 Nf6 11. O-O Nbd7 1/2-1/2

[Event "Open Praha 2018 - A"]
[Site "Praha (CZE)"]
[Date "2018.01.18"]
[Round "8"]
[White "Pantzar, Milton"]
[Black "Vorisek, Jakub"]
[Result "1/2-1/2"]
[WhiteElo "2268"]
[BlackElo "1922"]
[PlyCount "68"]
[EventDate "2018.01.12"]

1. Nf3 d5 2. g3 c5 3. c4 Nf6 4. Bg2 Nc6 5. O-O e6 6. cxd5 exd5 7. d4 Be7 8.
dxc5 Bxc5 9. a3 a5 10. b3 O-O 11. Bb2 d4 12. b4 axb4 13. axb4 Rxa1 14. Bxa1
Bxb4 15. Nxd4 Nxd4 16. Qxd4 Qxd4 17. Bxd4 Rd8 18. Bb6 Re8 19. e3 Bf5 20. Bd4
Be4 21. Bxf6 gxf6 22. Bxe4 Rxe4 23. Rc1 b5 24. Rc8+ Kg7 25. Nc3 Rc4 26. Rxc4
bxc4 27. Ne2 f5 28. Kf1 Kf6 29. Nf4 Ke5 30. Ke2 Bf8 31. f3 Bg7 32. Kd2 Kd6 33.
Kc2 Be5 34. Ng2 Bf6 1/2-1/2

[Event "Open Praha 2018 - A"]
[Site "Praha (CZE)"]
[Date "2018.01.18"]
[Round "8"]
[White "Lau, Ende Matthew"]
[Black "Harazinska, Ewa"]
[Result "1/2-1/2"]
[WhiteElo "1977"]
[BlackElo "2245"]
[PlyCount "68"]
[EventDate "2018.01.12"]

1. e4 c5 2. Nf3 d6 3. Bb5+ Bd7 4. c4 Nf6 5. Nc3 g6 6. d4 cxd4 7. Nxd4 Bg7 8. f3
O-O 9. Be3 Nc6 10. O-O Nxd4 11. Bxd4 Bxb5 12. cxb5 Qd7 13. a4 e6 14. Qd2 Rfd8
15. a5 d5 16. e5 Ne8 17. b6 axb6 18. axb6 Rdc8 19. Ra7 Bf8 20. Rfa1 Rab8 21.
Qe3 Qc6 22. R7a4 Ng7 23. g4 h5 24. h3 Be7 25. Kg2 Kh7 26. Kh2 Kg8 27. Qf2 Kh7
28. f4 Kg8 29. Qe3 Kh7 30. Qf2 Kg8 31. Rg1 Kh7 32. Be3 Qd7 33. Rga1 Qc6 34. Bd4
Kg8 1/2-1/2

[Event "Open Praha 2018 - A"]
[Site "Praha (CZE)"]
[Date "2018.01.18"]
[Round "8"]
[White "Marjanovic, Annamaria"]
[Black "Kapusta, Petr"]
[Result "1/2-1/2"]
[WhiteElo "2348"]
[BlackElo "2140"]
[PlyCount "58"]
[EventDate "2018.01.12"]

1. c4 Nf6 2. g3 g6 3. Bg2 Bg7 4. Nc3 O-O 5. d3 d6 6. Rb1 a5 7. a3 c6 8. e4 e5
9. Nge2 Nbd7 10. O-O Nc5 11. h3 a4 12. Be3 Nfd7 13. f4 f5 14. exf5 gxf5 15. Qc2
Qe7 16. Rbe1 Nb6 17. Nc1 Be6 18. fxe5 dxe5 19. Qf2 Nbd7 20. Qd2 Qd6 21. Kh1 Kh8
22. Rd1 Rg8 23. Bg5 Bf6 24. Bxf6+ Nxf6 25. N1e2 Rg6 26. Qe3 Nh5 27. Qf3 Nf6 28.
Qe3 Nh5 29. Qf3 Nf6 1/2-1/2

[Event "Open Praha 2018 - A"]
[Site "Praha (CZE)"]
[Date "2018.01.18"]
[Round "8"]
[White "Eriksson, Christian Altenburg"]
[Black "Sergienko, Sergey"]
[Result "1/2-1/2"]
[WhiteElo "2140"]
[BlackElo "2329"]
[PlyCount "139"]
[EventDate "2018.01.12"]

1. e4 g6 2. d4 Bg7 3. Nc3 c6 4. h3 d5 5. Nf3 dxe4 6. Nxe4 Nf6 7. Nxf6+ exf6 8.
Bc4 O-O 9. O-O Nd7 10. c3 Nb6 11. Bb3 Nd5 12. c4 Nc7 13. Be3 Be6 14. Qd2 Qd7
15. Rfd1 Rfd8 16. Rac1 Bf8 17. Qe2 Bd6 18. Nd2 Be7 19. Ne4 Bf5 20. Nc3 Qe8 21.
d5 cxd5 22. cxd5 Bd6 23. Qf3 Qe5 24. g3 Ne8 25. Re1 Bxh3 26. Bb6 Qf5 27. Qxf5
Bxf5 28. Bxd8 Rxd8 29. Ba4 Nc7 30. Bc2 Bxc2 31. Rxc2 f5 32. Rd1 h5 33. Kg2 Kg7
34. Na4 Ne8 35. Nc5 Rb8 36. a3 Nf6 37. b4 b6 38. Nb3 Rd8 39. Nd4 f4 40. Nb5
fxg3 41. fxg3 Rd7 42. Nxd6 Rxd6 43. Kf3 Nxd5 44. Rd3 Rf6+ 45. Kg2 Rf5 46. Rcd2
Nf6 47. Rf2 Re5 48. Rdf3 Re6 49. b5 g5 50. Rc2 Nd5 51. Rc6 Re5 52. a4 f6 53.
Rd6 Kg6 54. Rd7 Ne3+ 55. Kg1 g4 56. Rf4 Nf5 57. Kf2 Rc5 58. Rd3 Kg5 59. Re4 h4
60. gxh4+ Kxh4 61. Rd8 Rc2+ 62. Ke1 Kh3 63. Rh8+ Nh4 64. Re3+ g3 65. Re4 g2 66.
Rhxh4+ Kg3 67. Reg4+ Kf3 68. Rf4+ Ke3 69. Re4+ Kf3 70. Ref4+ 1/2-1/2

[Event "Open Praha 2018 - B"]
[Site "Praha (CZE)"]
[Date "2018.01.18"]
[Round "8"]
[White "Nemecek, Pavel"]
[Black "Janacek, Jaroslav"]
[Result "0-1"]
[WhiteElo "1846"]
[BlackElo "2020"]
[PlyCount "78"]
[EventDate "2018.01.12"]

1. e4 d6 2. d4 Nf6 3. Nc3 Nbd7 4. Be3 e5 5. Nge2 c6 6. h3 Be7 7. g3 b5 8. a3 a6
9. Bg2 Qc7 10. O-O Bb7 11. b3 h6 12. f4 O-O-O 13. d5 exf4 14. Nxf4 c5 15. Qd2
Rhf8 16. Nd3 Nh7 17. b4 Nb6 18. bxc5 Nc4 19. Qe2 Nxe3 20. Qxe3 dxc5 21. e5 Bg5
22. Qe4 c4 23. Nf4 Qc5+ 24. Kh2 f5 25. exf6 Nxf6 26. Qe6+ Kb8 27. Qe5+ Ka8 28.
Ne6 Rfe8 29. Qxg5 Rxe6 30. Qxg7 Nxd5 31. Nxd5 Bxd5 32. Rad1 Re2 33. Rg1 Rde8
34. Qd7 Bc6 35. Qf7 Rf8 36. Qg6 Kb7 37. Qg4 Qf2 38. Rd7+ Kb6 39. Rd6 Qxg2+ 0-1

[Event "Open Praha 2018 - B"]
[Site "Praha (CZE)"]
[Date "2018.01.18"]
[Round "8"]
[White "Prudnikov, Andrey"]
[Black "Shamian, Artur"]
[Result "1-0"]
[WhiteElo "2022"]
[BlackElo "1802"]
[PlyCount "111"]
[EventDate "2018.01.12"]

1. e4 c5 2. Nc3 Nc6 3. Nge2 e5 4. Nd5 Nf6 5. Nec3 d6 6. Bc4 Be6 7. d3 Be7 8.
O-O O-O 9. f4 exf4 10. Bxf4 Na5 11. Nxe7+ Qxe7 12. Bd5 Nd7 13. Qf3 Ne5 14. Qg3
f6 15. Rf2 Nac6 16. Raf1 Rab8 17. Nd1 Bxd5 18. exd5 Nd4 19. Ne3 Qf7 20. c3 Nb5
21. a4 Nc7 22. Nf5 Qd7 23. d4 Qxf5 24. Bxe5 Qg6 25. Bxd6 Qxg3 26. Bxg3 Rbc8 27.
d6 Ne6 28. Re2 Ng5 29. d7 Rcd8 30. Bd6 cxd4 31. Bxf8 Kxf8 32. Re8+ Rxe8 33.
dxe8=Q+ Kxe8 34. cxd4 Ne6 35. Rd1 Kd7 36. Kf2 Kd6 37. Ke3 Kd5 38. Rf1 b6 39. b3
h6 40. Rf5+ Kd6 41. Kd3 a6 42. Kc4 Nc7 43. h4 Ne6 44. b4 Nc7 45. b5 a5 46. d5
Ne8 47. Rf1 Kd7 48. g4 Nd6+ 49. Kd4 Nf7 50. Re1 Nd8 51. h5 Nf7 52. Re6 Nd6 53.
Kd3 Nc8 54. Rc6 Kd8 55. d6 Kd7 56. Kd4 1-0

[Event "Open Praha 2018 - B"]
[Site "Praha (CZE)"]
[Date "2018.01.18"]
[Round "8"]
[White "Marinc, Damir"]
[Black "Kylar, Miroslav"]
[Result "1/2-1/2"]
[WhiteElo "1964"]
[BlackElo "1877"]
[PlyCount "62"]
[EventDate "2018.01.12"]

1. Nf3 c6 2. b3 d5 3. Bb2 e6 4. d3 Nf6 5. Nbd2 Nbd7 6. d4 b6 7. e3 Be7 8. Bd3
c5 9. Ne5 Nxe5 10. dxe5 Nd7 11. Qg4 g6 12. Rd1 Bb7 13. c4 Qc7 14. Qg3 f5 15.
exf6 Qxg3 16. hxg3 Bxf6 17. Bxf6 Nxf6 18. Bxg6+ Ke7 19. Bd3 dxc4 20. Bxc4 Bxg2
21. Rh2 Bc6 22. Be2 Rad8 23. Nc4 Rxd1+ 24. Bxd1 Be4 25. f3 Bb7 26. e4 b5 27.
Ne3 Nd7 28. Bc2 h5 29. f4 Nf6 30. e5 Ne4 31. Bxe4 Bxe4 1/2-1/2

[Event "Open Praha 2018 - B"]
[Site "Praha (CZE)"]
[Date "2018.01.18"]
[Round "8"]
[White "Jaeger, Andre"]
[Black "Nahornyi, Ihor"]
[Result "1-0"]
[WhiteElo "1958"]
[BlackElo "1735"]
[PlyCount "85"]
[EventDate "2018.01.12"]

1. d4 Nf6 2. c4 e6 3. Nc3 Bb4 4. f3 d5 5. a3 Bxc3+ 6. bxc3 b6 7. cxd5 exd5 8.
e3 O-O 9. Bd3 Ba6 10. Ne2 Bxd3 11. Qxd3 Re8 12. O-O Nbd7 13. Ng3 c5 14. Ra2 Rc8
15. Rd2 Qc7 16. Bb2 cxd4 17. cxd4 Qc4 18. Nf5 Qxd3 19. Rxd3 Re6 20. g4 g6 21.
Ng3 Ne8 22. e4 dxe4 23. fxe4 Nd6 24. e5 Nc4 25. Bc1 Kg7 26. Rdf3 Rf8 27. g5 b5
28. Ne4 Re7 29. Nf6 Ndb6 30. Rh3 Rh8 31. Rf4 Nd7 32. Rfh4 Nf8 33. Bf4 a5 34.
Kf2 b4 35. axb4 axb4 36. Rb3 Rb7 37. d5 Na5 38. Ne8+ Kg8 39. Nf6+ Kg7 40. Ne8+
Kg8 41. Rb1 Rb5 42. Nf6+ Kg7 43. Bd2 1-0

[Event "Open Praha 2018 - B"]
[Site "Praha (CZE)"]
[Date "2018.01.18"]
[Round "8"]
[White "Kronowetter, Borivoj"]
[Black "Klimek, Petr"]
[Result "1-0"]
[WhiteElo "1882"]
[BlackElo "1815"]
[PlyCount "65"]
[EventDate "2018.01.12"]

1. e4 c5 2. Nf3 d6 3. d4 cxd4 4. Nxd4 Nf6 5. Nc3 a6 6. Bc4 e6 7. Bb3 Be7 8. O-O
b5 9. f4 b4 10. Na4 Nxe4 11. f5 d5 12. fxe6 fxe6 13. Qh5+ g6 14. Qe5 Bf6 15.
Rxf6 Qxf6 16. Qxf6 Nxf6 17. Nb6 Bb7 18. Nxa8 Bxa8 19. Nxe6 Kd7 20. Nc5+ Kc6 21.
Be3 a5 22. Bd4 Rf8 23. Ne6 Re8 24. Ba4+ Kd6 25. Bxe8 Nxe8 26. Re1 Nc6 27. Bc5+
Kd7 28. Nf8+ Kd8 29. Bb6+ Nc7 30. Ne6+ Kd7 31. Bxc7 Bb7 32. Bb6 a4 33. Nc5+ 1-0

[Event "Open Praha 2018 - B"]
[Site "Praha (CZE)"]
[Date "2018.01.18"]
[Round "8"]
[White "Michel, Ladislav"]
[Black "Marjanovic, Gyorgy"]
[Result "1/2-1/2"]
[WhiteElo "1774"]
[BlackElo "2026"]
[PlyCount "55"]
[EventDate "2018.01.12"]

1. d4 d5 2. Bf4 Nf6 3. e3 c5 4. c3 Nc6 5. Nf3 Qb6 6. Qb3 c4 7. Qxb6 axb6 8.
Nbd2 b5 9. Be2 b4 10. O-O Bf5 11. Nh4 Bd7 12. Nhf3 e6 13. Ne5 Nxe5 14. dxe5 Ng8
15. Rfb1 Bc5 16. Nf3 Ne7 17. Bd1 b5 18. Nd4 O-O 19. Nc2 Nc6 20. Bf3 Ra7 21. e4
d4 22. cxd4 Bxd4 23. Nxd4 Nxd4 24. Be3 Nxf3+ 25. gxf3 Rc7 26. Bb6 Rb7 27. Bc5
Rc8 28. Bxb4 1/2-1/2

[Event "Open Praha 2018 - B"]
[Site "Praha (CZE)"]
[Date "2018.01.18"]
[Round "8"]
[White "Palka, Miroslav"]
[Black "Delaruelle, Christian"]
[Result "1-0"]
[WhiteElo "1934"]
[BlackElo "1742"]
[PlyCount "85"]
[EventDate "2018.01.12"]

1. c4 Nc6 2. Nc3 Nf6 3. e4 e5 4. g3 Bc5 5. Bg2 O-O 6. Nge2 a6 7. O-O d6 8. h3
h6 9. Kh2 Be6 10. d3 Rb8 11. f4 b5 12. b3 b4 13. Nd5 Bxd5 14. cxd5 Nd4 15. Bb2
Nxe2 16. Qxe2 Re8 17. Qd2 Qd7 18. fxe5 dxe5 19. Rac1 Bd6 20. Rc6 a5 21. Qc2 Rb5
22. Bc1 Qe7 23. Be3 Nd7 24. Rc1 Rc8 25. Qf2 Nb8 26. R6c2 Nd7 27. h4 Nf6 28. Bh3
Ra8 29. Rf1 a4 30. Bxh6 Nxd5 31. exd5 gxh6 32. Qe3 axb3 33. axb3 Kg7 34. Qf3
Rg8 35. Rcf2 Kf8 36. Qxf7+ Qxf7 37. Rxf7+ Ke8 38. Bd7+ Kd8 39. Bxb5 e4 40. Rg1
e3 41. d4 Rg4 42. Kh3 Rxd4 43. Ra1 1-0

[Event "Open Praha 2018 - B"]
[Site "Praha (CZE)"]
[Date "2018.01.18"]
[Round "8"]
[White "Zlamana, Anna"]
[Black "Badik, Yaryna"]
[Result "0-1"]
[WhiteElo "1513"]
[BlackElo "1812"]
[PlyCount "82"]
[EventDate "2018.01.12"]

1. e4 e5 2. Nf3 Nc6 3. Nc3 Nf6 4. d4 exd4 5. Nxd4 Bb4 6. Nxc6 Bxc3+ 7. bxc3
bxc6 8. Bd3 O-O 9. O-O d6 10. h3 Qe7 11. Re1 Qe5 12. Rb1 Be6 13. c4 Rfb8 14.
Bd2 Qh5 15. Qxh5 Nxh5 16. Ba5 Rxb1 17. Rxb1 d5 18. cxd5 cxd5 19. exd5 Bxd5 20.
Bxc7 Bxa2 21. Ra1 Bd5 22. Ra5 Nf6 23. Be5 Bb7 24. Bxf6 gxf6 25. Rh5 a5 26.
Bxh7+ Kg7 27. Bd3 a4 28. Bc4 Be4 29. Rc5 Ra7 30. Ba2 Kg6 31. f3 Bf5 32. g4 Bd7
33. Kf2 a3 34. f4 f5 35. g5 Be6 36. c4 Rb7 37. Ra5 Rb2+ 38. Kf3 Rxa2 39. c5 Ra1
40. c6 a2 41. Kg3 Rc1 0-1

[Event "Open Praha 2018 - B"]
[Site "Praha (CZE)"]
[Date "2018.01.18"]
[Round "8"]
[White "Gunyecz, Zoltan Dr"]
[Black "Kovar, Zdenek"]
[Result "1-0"]
[WhiteElo "1977"]
[BlackElo "1750"]
[PlyCount "79"]
[EventDate "2018.01.12"]

1. d4 d5 2. c4 Nf6 3. Nc3 e6 4. cxd5 exd5 5. Bg5 Be7 6. e3 Bf5 7. Bxf6 Bxf6 8.
Qb3 b6 9. Qxd5 Qxd5 10. Nxd5 Bd8 11. Rc1 c6 12. Nc3 O-O 13. g3 Bc8 14. Bg2 Bb7
15. Nge2 Na6 16. b3 Nc7 17. O-O Rb8 18. Rfd1 Be7 19. Rd2 Rfd8 20. Rcd1 a5 21.
Rc2 b5 22. Rdc1 Rdc8 23. Ne4 Nd5 24. Nc5 Bxc5 25. Rxc5 Ne7 26. Nf4 Kf8 27. Nd3
f6 28. h4 Ba8 29. Nf4 Bb7 30. Bh3 f5 31. Bxf5 Nxf5 32. Rxf5+ Kg8 33. Ne6 Re8
34. Nf4 Bc8 35. Rfc5 Bd7 36. Nd3 Re6 37. Ne5 Be8 38. Nxc6 Bxc6 39. Rxc6 Rxc6
40. Rxc6 1-0

[Event "Open Praha 2018 - B"]
[Site "Praha (CZE)"]
[Date "2018.01.18"]
[Round "8"]
[White "Lomakina, Anzhelika"]
[Black "Bakalar, Jan"]
[Result "1/2-1/2"]
[WhiteElo "1693"]
[BlackElo "1946"]
[PlyCount "100"]
[EventDate "2018.01.12"]

1. e4 d5 2. exd5 Nf6 3. d4 Nxd5 4. c4 Nb6 5. Nc3 g6 6. Nf3 Bg7 7. Be2 O-O 8.
O-O Nc6 9. d5 Ne5 10. Nxe5 Bxe5 11. Bg5 Re8 12. Re1 Bg7 13. Rc1 Nd7 14. Bf1 h6
15. Bf4 a6 16. Qd2 Kh7 17. g3 g5 18. Be3 Ne5 19. Bg2 Bf5 20. Ne4 Qc8 21. Bd4
Ng6 22. Bxg7 Kxg7 23. Qd4+ f6 24. c5 e5 25. Qe3 Qd8 26. Red1 Rf8 27. b4 Bxe4
28. Qxe4 f5 29. Qc4 Qf6 30. c6 b5 31. Qc5 Rfd8 32. Rc2 Rd6 33. a4 bxa4 34. Qa5
Qd8 35. Qxa4 e4 36. Rc5 Ne7 37. Qa1+ Kf7 38. Qe5 Qh8 39. Qxh8 Rxh8 40. Bf1 Rb8
41. Rd4 Rb6 42. b5 axb5 43. Bxb5 Kf6 44. Rd1 g4 45. Kf1 Rb8 46. Bc4 Rbd8 47.
Ke2 h5 48. Rd2 h4 49. Ke3 hxg3 50. hxg3 Ke5 1/2-1/2

[Event "Open Praha 2018 - B"]
[Site "Praha (CZE)"]
[Date "2018.01.18"]
[Round "8"]
[White "Simkin, Alexander"]
[Black "Badik, Maksym"]
[Result "1/2-1/2"]
[WhiteElo "1749"]
[BlackElo "1928"]
[PlyCount "43"]
[EventDate "2018.01.12"]

1. d4 d5 2. c4 e6 3. Nc3 Nf6 4. Nf3 c6 5. cxd5 exd5 6. Bg5 h6 7. Bh4 Be7 8. e3
Bf5 9. Bd3 Bxd3 10. Qxd3 Nbd7 11. O-O O-O 12. a3 Ne4 13. Bxe7 Qxe7 14. b4 Ndf6
15. Ne5 a5 16. Nxe4 dxe4 17. Qb3 Rfd8 18. Rfc1 Rd5 19. Nc4 a4 20. Qc2 Ra6 21.
Nb2 b5 22. Qe2 1/2-1/2